Les historiens tunisiens des XVIIe, XVIIIe et XIXe siecles : essai d'histoire culturelle /

محفوظ في:

المؤلف الرئيسي: ʻAbd al-Salām, Aḥmad.

التنسيق: كتاب

اللغة: French

منشور في: Paris : Klincksieck, 1973.

سلاسل: Publications de l'Université de Tunis, Faculté des lettres et sciences humaines de Tunis. Quatrième série, Histoire ; 11.

الموضوعات:

الوسوم: إضافة وسم

لا توجد وسوم, كن أول من يضع وسما على هذه التسجيلة!

رقم الطلب: DT253.4 .A17

LEADER 00980nam a22002417a 4500
003 OSt
005 20260420165942.0
008 260420t1973 fr b 001 0 fre d
020 |a 2252015756 
040 |c ARCE Library 
050 1 4 |a DT253.4  |b .A17 
100 1 |a ʻAbd al-Salām, Aḥmad. 
245 1 4 |a Les historiens tunisiens des XVIIe, XVIIIe et XIXe siecles :  |b essai d'histoire culturelle /  |c Ahmed Abdesselem. 
264 1 |a Paris :   |b Klincksieck,   |c 1973. 
300 |a 590 pages ;  |c 25 cm. 
490 0 |a Publications de l'Université de Tunis, Faculte des lettres et sciences humaines : 4e série, Histoire ;   |v 11. 
504 |a Includes bibliographies (pages [523]-540) and index. 
651 0 |a Tunisia  |x History  |y 1516-1881  |x Historiography. 
651 0 |a Tunisia  |x Civilization. 
830 0 |a Publications de l'Université de Tunis, Faculté des lettres et sciences humaines de Tunis. Quatrième série, Histoire ;   |v 11. 
901 |a reviewed 
942 |c BK  |2 lcc 
999 |c 14964  |d 14964